Miejscowości gminy Witkowo - Statystyki

Ogólne statystyki
  • Ten quiz został rozwiązany 41 razy
  • Średni wynik to 2 z 8
Answers on the Grid
Answers color-coded by a green-red scale on the quiz's grid according to % correct below.
Witkowo
Witkówko
Małachowo Złych Miejsc
Ostrowite Prymasowskie
Ostrowite
Bieślin
Gaj
Kalina
Trzemżal
Piaski
Skorzęcin
Sokołowo
 
Statystyki odpowiedzi
Odpowiedź % Poprawnych
Małachowo Złych Miejsc
100%
Witkowo
67%
Ostrowite Prymasowskie
33%
Witkówko
33%
Gaj
0%
Piaski
0%
Skorzęcin
0%
Sokołowo
0%
Nie znaleziono quizów pasujących do podanych kryteriów
Rozkład punktacji
Procent ludzi z każdym wynikiem
Percentyl według liczby udzielonych odpowiedzi
Twoja historia wyników
Nie rozwiązałeś tego quizu